<?xml version="1.0" encoding="UTF-8"?>
<record
    xmlns:xsi="http://www.w3.org/2001/XMLSchema-instance"
    xsi:schemaLocation="http://www.loc.gov/MARC21/slim http://www.loc.gov/standards/marcxml/schema/MARC21slim.xsd"
    xmlns="http://www.loc.gov/MARC21/slim">

  <leader>00870nam a2200241Ia 4500</leader>
  <datafield tag="999" ind1=" " ind2=" ">
    <subfield code="c">46522</subfield>
    <subfield code="d">46522</subfield>
  </datafield>
  <controlfield tag="001">13361</controlfield>
  <controlfield tag="003">GE_BSU</controlfield>
  <controlfield tag="005">20240906122427.0</controlfield>
  <controlfield tag="008">181216s2014||||ru |||||||||||||| ||rus||</controlfield>
  <datafield tag="020" ind1=" " ind2=" ">
    <subfield code="a">9785906016294</subfield>
  </datafield>
  <datafield tag="040" ind1=" " ind2=" ">
    <subfield code="c">GE_BSU</subfield>
  </datafield>
  <datafield tag="041" ind1=" " ind2=" ">
    <subfield code="a">rus</subfield>
  </datafield>
  <datafield tag="080" ind1=" " ind2=" ">
    <subfield code="a">28(075.8) &#x411;-64</subfield>
  </datafield>
  <datafield tag="100" ind1=" " ind2=" ">
    <subfield code="a">&#x411;&#x438;&#x440;&#x438;&#x43D;&#x434;&#x436;&#x43A;&#x430;&#x440;, &#x420;&#x438;&#x434;&#x430;</subfield>
    <subfield code="9">23171</subfield>
  </datafield>
  <datafield tag="245" ind1=" " ind2=" ">
    <subfield code="a">&#x417;&#x43D;&#x430;&#x43A;&#x43E;&#x43C;&#x441;&#x442;&#x432;&#x43E; &#x441; &#x438;&#x441;&#x43B;&#x430;&#x43C;&#x441;&#x43A;&#x438;&#x43C;&#x438; &#x43D;&#x430;&#x443;&#x43A;&#x430;&#x43C;&#x438;. &#x41A;&#x430;&#x43F;&#x430;&#x43C;. &#x424;&#x430;&#x43B;&#x441;&#x430;&#x440;&#x430;. &#x418;&#x440;&#x444;&#x430;&#x43D; :</subfield>
    <subfield code="b">&#x423;&#x447;-&#x43E;&#x435; &#x43F;&#x43E;&#x441;&#x43E;&#x431;&#x438;&#x435; /</subfield>
    <subfield code="c">&#x420;&#x438;&#x434;&#x430; &#x411;&#x438;&#x440;&#x438;&#x43D;&#x434;&#x436;&#x43A;&#x430;&#x440; ; &#x41F;&#x440;&#x435;&#x434;&#x438;&#x441;&#x43B;. &#x43A;&#x43E;&#x43C;&#x43C;&#x435;&#x43D;&#x442;. &#x438; &#x43E;&#x431;&#x449;. &#x440;&#x435;&#x434;. &#x418;.&#x410;. &#x422;&#x430;&#x438;&#x440;&#x43E;&#x432;&#x43E;&#x439;</subfield>
  </datafield>
  <datafield tag="264" ind1=" " ind2=" ">
    <subfield code="a">&#x41C;&#x43E;&#x441;&#x43A;&#x432;&#x430; :</subfield>
    <subfield code="b">&#x41E;&#x41E;&#x41E; &#x421;&#x430;&#x434;&#x440;&#x430;, </subfield>
    <subfield code="c">2014.</subfield>
  </datafield>
  <datafield tag="300" ind1=" " ind2=" ">
    <subfield code="a">303 &#x441;&#x442;&#x440;. ;</subfield>
    <subfield code="c">21&#x441;&#x43C;.</subfield>
  </datafield>
  <datafield tag="653" ind1=" " ind2=" ">
    <subfield code="a">&#x417;&#x43D;&#x430;&#x43A;&#x43E;&#x43C;&#x441;&#x442;&#x432;&#x43E; &#x441; &#x438;&#x441;&#x43B;&#x430;&#x43C;&#x441;&#x43A;&#x438;&#x43C;&#x438; &#x43D;&#x430;&#x443;&#x43A;&#x430;&#x43C;&#x438;</subfield>
  </datafield>
  <datafield tag="653" ind1=" " ind2=" ">
    <subfield code="a">&#x41A;&#x430;&#x43F;&#x430;&#x43C;</subfield>
  </datafield>
  <datafield tag="653" ind1=" " ind2=" ">
    <subfield code="a">&#x424;&#x430;&#x43B;&#x441;&#x430;&#x440;&#x430;</subfield>
  </datafield>
  <datafield tag="653" ind1=" " ind2=" ">
    <subfield code="a">&#x418;&#x440;&#x444;&#x430;&#x43D;</subfield>
  </datafield>
  <datafield tag="942" ind1=" " ind2=" ">
    <subfield code="c">BK</subfield>
    <subfield code="2">udc</subfield>
  </datafield>
  <datafield tag="952" ind1=" " ind2=" ">
    <subfield code="0">0</subfield>
    <subfield code="1">0</subfield>
    <subfield code="2">udc</subfield>
    <subfield code="4">0</subfield>
    <subfield code="6">280758_&#x411;64</subfield>
    <subfield code="7">0</subfield>
    <subfield code="9">60977</subfield>
    <subfield code="a">CPL</subfield>
    <subfield code="b">CPL</subfield>
    <subfield code="c">GEN</subfield>
    <subfield code="d">2018-12-17</subfield>
    <subfield code="o">28(075.8) &#x411;-64</subfield>
    <subfield code="p">27247</subfield>
    <subfield code="r">2018-12-17</subfield>
    <subfield code="t">27247</subfield>
    <subfield code="w">2018-12-17</subfield>
    <subfield code="y">BK</subfield>
  </datafield>
</record>
